Klaviersonate A-dur KV 331 | Klaviersonate C-dur KV 330 | Klaviersonate a-moll KV 310 (Запис номер 519569)
[ съкратено ]
| 000 -Лидер | |
|---|---|
| Лидер | 01139njm a2200289 a 4500 |
| 003 - Код на организацията, давaща контролен номер | |
| Код на организацията, даваща контролен номер | BLK |
| 005 - Дата и час на последна редакция | |
| Дата и час на последна редакция | 20250128005549.0 |
| 007 - Фиксирано поле за физическо описани | |
| Физическо описание | ta |
| 008 - Елементи от данни с фиксирана дължина | |
| Елементи с фиксирана дължина | 241016b bu |||||r|||| 00| | bu d |
| 020 ## - Международен стандартен номер на книга ISBN | |
| ISBN | 826475 |
| 040 ## - Източник на каталожния запис | |
| Код на библиотеката | BLK |
| 041 ## - Код за език | |
| Език на записа | Немски |
| Език за КДБФ | Немски |
| 080 ## - УДК | |
| 9 (RLIN) | 238690 |
| УДК текст | Сонати за пиано |
| УДК код | 786.2.082.2 |
| УДК – определител | (086.72) |
| УДК – код + определител | 786.2.082.2(086.72) |
| 100 ## - Редна дума - Автор | |
| R(LIN) | 386874 |
| Автор | Mozart, Wolfgang Amadeus |
| Години, свързани с автора | 1756 - 1791 |
| 245 ## - Сведения за заглавието | |
| Заглавие | Klaviersonate A-dur KV 331 |
| -- | Klaviersonate C-dur KV 330 |
| -- | Klaviersonate a-moll KV 310 |
| Авторска отговорност | Wolfgang Amadeus Mozart ; Cecile Ousset - Klavier |
| 260 ## - Област на издателските данни | |
| 9 (RLIN) | 210744 |
| Място на издаване | Berlin |
| Име на издателя | Deutsche Schallplatten |
| Година на издаване | 1974 |
| 300 ## - Физическа характеристика | |
| Брой страници | 1 грамофонна плоча 33 об/мин |
| Илюстрации | стерео |
| Размер | 30 см |
| 380 ## - Жанр | |
| Жанр | Изкуство |
| 518 ## - Забележка за време/място на протичане на отразеното събитие | |
| Забележка за време и място на протичане на отразеното събитие | Aufgenommen April 1973 im Studio Lukaskirche, Dresden |
| 650 #0 - Допълнително описание по предмет – тема | |
| Предметна рубрика | Пиано - сонати, сонатини |
| 9 (RLIN) | 277457 |
| 700 ## - Други автори (авторска отговорност) | |
| 9 (RLIN) | 368558 |
| Друг автор | Моцарт, Волфганг Амадеус |
| 700 ## - Други автори (авторска отговорност) | |
| 9 (RLIN) | 495455 |
| Друг автор | Ousset, Cecile |
| 852 ## - Местоположение | |
| Отдел | Хранилище |
| Систематично-азбучна сигнатура | Ф ІІ 2951 |
| 856 ## - Електронен адрес и достъп | |
| Инструкция (цена за достъп) | 0.00 |
| Права за достъп | disable |
| 942 ## - АРТИКУЛИ | |
| Вид на библиотечния документ | Грамофонни плочи |
| Скрит в OPAC | Не |
| 944 ## - СЪЗДАВАНЕ И РЕДАКЦИЯ на ЗАПИСА | |
| Дата на регистрацията/редакция | Геновева Генчева |
| Служител, извършил регистрацията/редакцията | |
| Статус, дата на статуса | CRON CRON |
| 999 ## - СИСТЕМНИ КОНТРОЛНИ НОМЕРА | |
| Koha biblionumber | 519569 |
| Koha biblioitemnumber | 519569 |
| Код за отписване | Код за изгубен артикул | Източник на класификационната схема | Код за повреда | Коз за рестрикции | Код за отдаване | Артикулен № | Име на библиотеката - собственик | Име на библиотеката, в която се намира в момента | Статус (Текущо местоположение) | Дата на вписване в системата | Местоположение - отдел | Цена в лева | Инвентарен номер | Систематично азбучна сигнатура | Баркод | Цена в евро | Служебен тип на артикула |
|---|---|---|---|---|---|---|---|---|---|---|---|---|---|---|---|---|---|
| Не е изгубен | Universal Decimal Classification | Не е повреден | само за читалня | ползва се в читалня | 952228 | Регионална библиотека "Любен Каравелов" Русе | Регионална библиотека "Любен Каравелов" Русе | Хранилище | 2024-10-16 | Основен фонд - ползва се само за читалня | 6.00 | 7329 | Ф ІІ 2951 | 900000108922 | 3.07 | Грамофонни плочи |